les 10 pays les plus consommateur d'alcool du monde - Statistiques

Statistiques générales
  • Ce quiz a été pris 403 fois
  • Le résultat moyen est 4 sur 10
Statistiques - réponses
RANG PAYS LITRES % Correct
4 Russie 15,1
98%
6 Ukraine 13,9
49%
5 Roumanie 14,4
41%
1 Biélorussie 17,5
38%
8 Hongrie 13,3
31%
9 République Tcheque 13
29%
3 Lituanie 15,4
24%
2 Moldavie 16,8
24%
10 Slovaquie 13
24%
7 Andorre 13,8
2%
Aucun quiz correspondant
Distribution des résultats
% des personnes avec chaque résultat
Percentile par nombre de réponses
Votre historique - résultats
Vous n’avez pas pris ce quiz